BBC beginners' English / (Record no. 175332)

000 -LEADER
fixed length control field 01150 a2200205 4500
003 - CONTROL NUMBER IDENTIFIER
control field Nust
005 - DATE AND TIME OF LATEST TRANSACTION
control field 20230125114644.0
020 ## - INTERNATIONAL STANDARD BOOK NUMBER
International Standard Book Number 0946675260
040 ## - CATALOGING SOURCE
Transcribing agency Nust
082 ## - DEWEY DECIMAL CLASSIFICATION NUMBER
Classification number 428,GAR
100 ## - MAIN ENTRY--PERSONAL NAME
Personal name Garton-sprenger, Judy
9 (RLIN) 107623
245 ## - TITLE STATEMENT
Title BBC beginners' English /
Statement of responsibility, etc. Judy, Garton-Sprenger
260 ## - PUBLICATION, DISTRIBUTION, ETC.
Place of publication, distribution, etc. London
Name of publisher, distributor, etc. BBC English
Date of publication, distribution, etc. 1986
300 ## - PHYSICAL DESCRIPTION
Extent 162 p.
Other physical details With Four CDs.
505 ## - FORMATTED CONTENTS NOTE
Formatted contents note CMeeting People (Page-1), Getting to know people (Page-6), Talking About Where people (Page-10), talking about what you (Page-14), Timing in Right (Page-18), Checking what you know (Page-22), Going to Town,26 hacking What u Know (Page-46), Talking About The Past 1 (Page-50), Talking about the past 2 (Page-54), looking ahead Describing Objects (Page-86), Explaining what to do (Page-90), .Checking what u Know (Page-94), Talking about Recent events (Page-102), Talking about the Future (Page-106), Talking about the future.2 (Page-110), Saying what u think (Page-114), Checking what u know (Page-118).
650 ## - SUBJECT ADDED ENTRY--TOPICAL TERM
Topical term or geographic name entry element English language learning
9 (RLIN) 107624
651 ## - SUBJECT ADDED ENTRY--GEOGRAPHIC NAME
Geographic name (Include CD)
9 (RLIN) 8953
700 ## - ADDED ENTRY--PERSONAL NAME
Personal name Simon Greenall
9 (RLIN) 107625
942 ## - ADDED ENTRY ELEMENTS (KOHA)
Koha item type Reference
Source of classification or shelving scheme
Call number prefix 428,GAR
Holdings
Withdrawn status Lost status Source of classification or shelving scheme Damaged status Not for loan Permanent Location Current Location Shelving location Date acquired Full call number Barcode Date last seen Price effective from Koha item type Public note Total Checkouts
          Military College of Signals (MCS) Military College of Signals (MCS) General Stacks 12/12/2016 428,GAR MCS27955 12/08/2016 12/12/2016 Book Almirah No. 54, Shelf No. 6  
          Military College of Signals (MCS) Military College of Signals (MCS) General Stacks 12/12/2016 428,GAR MCS27956 12/08/2016 12/12/2016 Book Almirah No. 54, Shelf No. 6  
          Military College of Signals (MCS) Military College of Signals (MCS) General Stacks 12/12/2016 428,GAR MCS36737 12/08/2016 12/12/2016 Book Almirah No.82, Shelf No.5  
          Military College of Signals (MCS) Military College of Signals (MCS) General Stacks 01/25/2023 428,GAR MCS27954 01/25/2023 01/25/2023 Book Almirah No. 54, Shelf No. 6  
© 2023 Central Library, National University of Sciences and Technology. All Rights Reserved.